| 000 | 00768nam a2200193 u 4500 | ||
|---|---|---|---|
| 001 | 000020786 | ||
| 005 | 20240313073816.0 | ||
| 008 | 100802s2015 dr r 000 0 spa d | ||
| 020 | _a9789945895865 | ||
| 040 |
_aDO-SdBNP _bspa _cBNPHU |
||
| 082 |
_axxx _bC697e |
||
| 100 | 1 |
_aCollado, Lipe, _d1947- _979819 |
|
| 245 | 1 | 0 |
_aEran una sola sombra larga : _binvestigación, interpretación y conclusión sobre las muertes de Jean Awad y Pilar Báez en la tiranía de Trujillo / _cLipe Collado. |
| 260 |
_aSanto Domingo : _bMuseo Memorial de la Resistencia Dominicana, _c2015. |
||
| 300 |
_a309 p. ; _c23 cm. |
||
| 500 | _aIncluye índice onomástico | ||
| 500 | _aIncluye referencias bibliográficas y notas al pie de las páginas | ||
| 504 | _aBibliografías : p. 293-300 | ||
| 999 |
_c20290 _d20290 |
||